| 000 | 01226nam a2200205 a 4500 | ||
|---|---|---|---|
| 999 |
_c331178 _d331178 |
||
| 001 | ASIN9812585532 | ||
| 003 | NUST | ||
| 005 | 20170921104934.0 | ||
| 008 | 131209s2007 xxu eng d | ||
| 020 | _a9812585532 (paperback) | ||
| 020 | _a9789812585530 (paperback) | ||
| 040 |
_a0 _cNUST |
||
| 082 |
_a954.91 _bPAK |
||
| 245 | 1 | 0 |
_aInsight guides : _bpakistan / |
| 250 | _aRevised. | ||
| 260 |
_aIndia: _bAPA publications, _c2007. |
||
| 300 |
_a300 p. ; _c22 cm. |
||
| 520 | _aThe Insight Guide to Pakistan provides the complete picture through expert and informative text and remarkable photography. It is an inspiring background read, serving as an invaluable, on-the-spot companion - but can also be kept as a superb, visual souvenir of a visit. Expert local writers bring to life each destination's history, culture, arts and people. It contains detailed, cross-reference maps which means that areas and sites mentioned can be quickly pin pointed. A new section highlights the best of Pakistan and section of Travel Tips incorporates all the travel details and contact numbers visitors will need. | ||
| 546 | _aIn English | ||
| 650 |
_aPakistan _94651 |
||
| 856 | 4 | 0 |
_3Amazon.com _uhttp://www.amazon.com/exec/obidos/ASIN/9812585532/chopaconline-20 |
| 942 |
_2ddc _cBK |
||